| 000 | 00449cam a2200181ua 4500 | ||
|---|---|---|---|
| 001 | 6429 | ||
| 008 | 131207n ii |||gr||||Z||||||eng | ||
| 040 | _cMAIN | ||
| 082 | _a519.5 | ||
| 245 |
_aIntroduction to statistics : _bVol. I / _cBy L. Choudhury . |
||
| 250 | _a3rd rev. ed. | ||
| 260 |
_aGuwahati: _bKitapghar, _c2002. |
||
| 300 | _ax,286p. | ||
| 653 | _aCommerce | ||
| 653 | _aStatistics | ||
| 700 |
_aChoudhury,L, _eAuthor., |
||
| 942 | _cBK | ||
| 999 |
_c5578 _d5578 |
||